Учет и анализ банкротств: учебное пособие

Dettagli Bibliografici
Autore principale: Байкина С. Г. Светлана Геннадьевна
Riassunto:Учебное пособие составлено в соответствии с учебной программой курса «Учет и анализ банкротств». В нем отражены роль, значение института банкротства в рыночной экономике, рассмотрены причины неплатежеспособности субъектов хозяйствования. Приведен учетный порядок отражения операций процедур банкротства, а также указана методика анализа несостоятельного предприятия. Для студентов вузов, обучающихся по экономическим специальностям, руководителей организаций, слушателей курсов подготовки и переподготовки кадров.
Lingua:russo
Pubblicazione: Москва, Дашков и К, 2009
Soggetti:
Natura: Libro
KOHA link:https://koha.lib.tpu.ru/cgi-bin/koha/opac-detail.pl?biblionumber=158398

MARC

LEADER 00000nam0a2200000 4500
001 158398
005 20231101222032.0
010 |a 9785394000454 
035 |a (RuTPU)RU\TPU\book\171789 
090 |a 158398 
100 |a 20090423d2009 m y0rusy50 ca 
101 0 |a rus 
102 |a RU 
105 |a y j 001zy 
200 1 |a Учет и анализ банкротств  |e учебное пособие  |f С. Г. Байкина 
210 |a Москва  |c Дашков и К  |d 2009 
215 |a 220 с. 
320 |a Библиогр.: с. 208-211. 
330 |a Учебное пособие составлено в соответствии с учебной программой курса «Учет и анализ банкротств». В нем отражены роль, значение института банкротства в рыночной экономике, рассмотрены причины неплатежеспособности субъектов хозяйствования. Приведен учетный порядок отражения операций процедур банкротства, а также указана методика анализа несостоятельного предприятия. Для студентов вузов, обучающихся по экономическим специальностям, руководителей организаций, слушателей курсов подготовки и переподготовки кадров. 
452 1 |0 (RuTPU)RU\TPU\book\205356  |t Учет и анализ банкротств  |o учебное пособие  |f С. Г. Байкина  |a Байкина, Светлана Геннадьевна 
606 1 |a Банкротство  |x Финансы  |2 stltpush  |3 (RuTPU)RU\TPU\subj\28054  |9 51664 
610 1 |a экономика 
610 1 |a учет 
610 1 |a несостоятельность 
610 1 |a Россия 
610 1 |a предприятия 
610 1 |a финансовое оздоровление 
610 1 |a конкурсное производство 
610 1 |a мировое соглашение 
610 1 |a ликвидация 
610 1 |a реорганизация 
610 1 |a аудит 
610 1 |a финансовое состояние 
610 1 |a учебные пособия 
675 |a 657.22(075.8)  |v 3 
686 |a У9(2)262.20я73  |v LBC/SL-A  |2 rubbk 
700 1 |a Байкина  |b С. Г.  |g Светлана Геннадьевна 
801 1 |a RU  |b 63413507  |c 20090423  |g PSBO 
801 2 |a RU  |b 63413507  |c 20150731  |g PSBO 
900 |a Учет и анализ банкротств 
900 |a Диагностика кризисного состояния предприятия 
942 |c BK 
959 |a 54/20090422  |d 1  |e 99,00  |f ЧЗГЛ:1